000 00468nam a2200169Ia 4500
003 GCL
008 140319s9999 xx 000 0 ara d
040 _aGCL /
_cGCL
082 0 4 _a922.6
_bع ا
100 1 _aعبدالحليم محمود
245 1 0 _aابو بكر الشيلى /
_cعبدالحليم محمود
300 _a127 ص
490 _a
650 0 4 _aالتصوف الاسلامى
650 0 4 _aتراجم ابو بكر الشيلى
942 _2ddc
_cBK
999 _c40533
_d40533